000 02003 a2200205 4500
001 39907
005 20260407155655.0
008 260407a1958 arg spa d
003 AR-UNSa-BCEJYS
040 _aAR-UNSa-BCEJYS
_bspa
_cAR-UNSa-BCEJYS
080 _a930.85
_xHistoria de la civilización. Historia de la cultura
245 1 0 _aHistoria Universal
_plos pueblos, los hombres, las ideas
250 _a6a. ed
264 1 _aBuenos Aires :
_bSudamericana
_c1958
300 _a3 v.
_c25 cm.
505 _aVol. I: 1. La tarea propuesta - 2. Prehistoria - 3. Los primitivos - 3. La antigua india - 4. La antigua china - 5. Egipto - 6. Estados y culturas del asia anterior - 6. Estados y culturas del asia anterior - 7. El mundo griego - 8. Roma - 9. Evolución del imperio romano, el cristianismo.El mundo germanico - - 10. Los señoris germanicos.Bizancio - 11. India y china. El islam - 12. Carlomagno - 13. La genesis de los señorios particulares europeos y la prepotencia - 14. La epoca de las cruzadas - 15. La cultura del feudalismo en europa - 16. Comienzos del renacimiento italiano - 17. La europa occidental y cntral antes de la reforma - 18. Expansión asiatica. La americana prehispanica.Exploraciones europeas. El descubrimiento - 19. La época de carlos quinto.Alto renacimiento y reforma - 20. La contrareforma -- Vol. II: 1. La gran guerra de europa.Richelieu. La revolución inglesa - 2. La época de luis XIV - 3. La ilustración - 4. Asia y áfrica. La revolución americana - 5. La gran revolución francesa - 6. Napoleon - 7. Las luchas del liberalismo - 8. La revolución europea.La contrarevolución - Vol. III: 1. Epoca de Napoléon III y de la fundación de imperio por bismarck - 2. La genesis del imperialismo - 3. Política mundial, guerra mundial, revolución mundial - 4. Las fuerzas dinámicas del presente - 5. La segunda guerra mundial - 6. La posguerra - 7. El mundo de hoy.
942 _cBK
590 _aniveau_biblio:m niveau_hierar:0
100 1 _aValentin, Veit
999 _c3140
_d3140